| 000 | 00533nam a22001697a 4500 | ||
|---|---|---|---|
| 003 | MACL | ||
| 005 | 20160405125603.0 | ||
| 008 | 160405b xxu||||| |||| 00| 0 eng d | ||
| 040 | _cMACL | ||
| 041 | _aHindi | ||
| 082 | _a370 | ||
| 100 |
_aजी बसु _950531 |
||
| 245 | _a1000 सामान्य ज्ञान प्रश्नोत्तरी | ||
| 260 |
_aदिल्ली _bसत्साहित्य प्रकाश्न _c2004 |
||
| 650 |
_aEducation _950532 |
||
| 942 |
_2ddc _cHIN |
||
| 999 |
_c53717 _d53717 |
||